Junior Eurovision Top 3 placers - Statistics

General Stats
  • This quiz has been taken 744 times
    616 since last reset
  • The average score is 16 of 20
Answer Stats
# of Top 3 placements Country % Correct
2 United Kingdom
95%
1 France
93%
4 Russia
93%
3 Spain
93%
7 Armenia
91%
5 Georgia
91%
1 Poland
89%
5 Belarus
88%
2 Italy
88%
3 Ukraine
86%
2 Malta
84%
2 The Netherlands
84%
1 Sweden
79%
2 Croatia
78%
2 Serbia
75%
1 Norway
74%
1 Bulgaria
67%
2 Australia
64%
1 Slovenia
61%
1 Lithuania
54%
No matching quizzes found
Score Distribution
Percent of People with Each Score
Percentile by Number Answered
Your Score History
You have not taken this quiz since the last reset